| 000 | 00964cam a2200145ua 4500 | ||
|---|---|---|---|
| 041 |
_aeng _h |
||
| 082 |
_a551.49 _bWDC/CA |
||
| 111 | 1 |
_aDanida Workshop _cNew Delhi ) _d5 : _eDanida _n(5 : |
|
| 245 | _aCapacity development initiatives in watershed development | ||
| 260 |
_aNew Delhi : _bConcept Publishing Company , _c2004. |
||
| 300 |
_a359 ; _eCD. |
||
| 504 | _a | ||
| 942 | _cBK | ||
| 999 |
_c13294 _d13294 |
||